Statystyki dla Zgadnij który to EU pros w fortnite po jego earningsach$$

Kliknij tutaj aby rozwiązać quiz!

Ogólne statystyki

  • Ten quiz został rozwiązany 409 razy
  • Średni wynik to 6 z 15

Statystyki odpowiedzi

ZagadnienieOdpowiedź% Poprawnych
Earnings $536,397
66%
Earnings $525,675
66%
Earnings $901,964
62%
Earnings $628,082
49%
Earnings $618,674
45%
Earnings $609,773
40%
Earnings $181,560
33%
Earnings $353,569
31%
Earnings $313,455
31%
Earnings $454,290
30%
Earnings $675,128
27%
Earnings $353,735
26%
Earnings $76,630
26%
Earnings $231,338
18%
Earnings $413,101
16%

Rozkład punktacji

Percentyl według liczby udzielonych odpowiedzi

Procent ludzi z każdym wynikiem

Twoja historia wyników

Nie rozwiązałeś tego quizu